00374nam a2200145 i 4500001000700000003000900007007000300016008004100019245002300060260003500083300003100118490002400149830002400173852003100197104032ES-MaACLt|051122s1967 mx ||||1| spa d00aMéxico-Acapulco. aMéxico : bGrijaldo, c1967. a9 h., 41 lám. ; c18 cm.1 aGuías de México0 aGuías de México aES-MaACLjE-9786 bR.93794